000 00669nam a2200217 a 4500
001 25302
003 CO-ViMGA
008 141112s2004 ck r 000 u spa d
020 _a9586481301
040 _aCO-ViMGA
_bspa
_cCO-ViMGA
082 0 4 _a330.9861 C656
100 1 _aFranco, Saul, ed.
_938569
245 1 0 _aColombia contemporánea /
_cFernando Cepeda ... et. al
260 _aColombia :
_bEcoe ediciones,
_c1996
300 _a338 p. : 20 cm.
650 1 4 _aPaz - Colombia - Ensayos
_98436
650 1 4 _aPolĂ­tica - Colombia - Ensayos
_938570
650 1 4 _aViolencia - Colombia - Ensayos
_938571
700 1 _aCepeda Ulloa, Fernando,
_938572
942 _2ddc
_cBK
999 _c32911
_d32911